000
00257nam a2200109Ia 4500
008
201231s9999 xx 000 0 und d
100
_a
Tanenbaum, Andrew S.
245
0
_a
Computer Networks
260
_a
New Delhi
_b
Prentice Hall
300
_a
813
942
_c
BK
999
_c
9551
_d
9551